00293nam a2200121Ia 4500008004100000100002100041245003100062260003300093300000900126650001400135942000700149999001500156190216s9999||||xx |||||||||||||| ||und|| aBhattacharya A B 0aEconomic Planning In India bRatan Prakashan Mandirc1979 a265p aEconomics cBK c9370d9370